Stochastic Processes (Record no. 1050)

MARC details
005 - DATE AND TIME OF LATEST TRANSACTION
control field 20250403085755.0
020 ## - INTERNATIONAL STANDARD BOOK NUMBER
International Standard Book Number 978-81-224-2664-9
082 ## - DEWEY DECIMAL CLASSIFICATION NUMBER
Classification number 519.23 MED
100 ## - MAIN ENTRY--PERSONAL NAME
Author name MEDHI, J.
245 ## - TITLE STATEMENT
Title Stochastic Processes
250 ## - EDITION STATEMENT
Edition statement 3rd Ed.
260 ## - PUBLICATION, DISTRIBUTION, ETC.
Place of publication, distribution, etc. New Delhi,
Name of publisher, distributor, etc. New Age International (P) Limited,
Date of publication, distribution, etc. 2009.
300 ## - PHYSICAL DESCRIPTION
Extent xix,503p.:
Other physical details Index
Dimensions 25cm
856 ## - ELECTRONIC LOCATION AND ACCESS
Link text Access online book
Electronic name Mathematics
Path www.newagepublishers.com
942 ## - ADDED ENTRY ELEMENTS (KOHA)
Source of classification or shelving scheme Dewey Decimal Classification
Koha item type Books
Holdings
Date last seen Total checkouts Full call number Barcode Price effective from Koha item type Lost status Source of classification or shelving scheme Damaged status Not for loan Withdrawn status Home library Current library Shelving location Date acquired Cost, normal purchase price
04/03/2025   519.23 MED 0000004068 04/03/2025 Books   Dewey Decimal Classification       College of Business Education Main Library College of Business Education Main Library General Collection 04/03/2025 12856.00
04/03/2025   519.23 MED 0000004069 04/03/2025 Books   Dewey Decimal Classification       College of Business Education Main Library College of Business Education Main Library General Collection 04/03/2025 12856.00
04/03/2025   519.23 MED 0000004070 04/03/2025 Books   Dewey Decimal Classification       College of Business Education Main Library College of Business Education Main Library General Collection 04/03/2025 12856.00